| 000 | 00352nam a22001337a 4500 | ||
|---|---|---|---|
| 020 | _a9789690019769 | ||
| 040 | _cNUST | ||
| 082 |
_a641.5 _bSAL |
||
| 100 |
_aSalma Chandrigar _980879 |
||
| 245 | _aSalma Kay Sath Mulk Mulk Kay Khanay | ||
| 260 |
_aLAHORE _b Ferozsons Pvt Ltd _c2006 |
||
| 650 |
_aCooking-Mulk Mulk Kay Khanay _981597 |
||
| 942 |
_2ddc _cBK |
||
| 999 |
_c585758 _d585758 |
||